000 00604nam a22002057a 4500
005 20100724112740.0
010 _aENG-96500
020 _c150.00
035 _aEN-80033
037 _bDBAD/PUB
082 _a921
100 _aJoshi, P G
_91173
245 _aAn Examlpe Of All /
_cby Joshi, P G
250 _a1995
260 _aMaharashtra
_bM J Nalawade
270 _ac/o 16,Budhwar Peth,
_bPune
_e411002
300 _a303p.
_c22cm (pbk)
942 _2ddc
_cEN
_mJOS
_h921
999 _c37502
_d37502